000 00815nam a2200241Ia 4500
003 OSt
005 20220923224104.0
006 a|||||r|||| 00| 0
007 ta
008 220922b |||||||| |||| 00| 0 pan d
024 _a225,367
037 _cTextual
040 _aARTS
_cARTS
_bpan
041 _2pan
_apan
082 _aDelta73, 153N9
100 _aਘੁੰਮਨ, ਬਿਕਰਮ ਸਿੰਘ
_9156274
245 0 _aਸੂਖ਼ੀਮਤ ਅਤੇ ਪੰਜਾਬੀ ਸੂਖ਼ੀ ਕਾਵਿ
260 _aਅਮ੍ਰਿਤਸਰ
_b ਵਾਰਿਸ Fਾਹ ਫਾਊਜ਼ਡੇFਨ
_c1999
300 _a224ਪੰ
_ccm.
650 _aਅਧਿਆਤਮਵਾਦ
942 _hDelta73, 153N9
_cTEXL
_2CC
999 _c369147
_d369147